[Event "CYCC U12"]
[Site "Kapuskasing CAN"]
[Date "2004.07.06"]
[Round "1"]
[White "Kaufman, Harris"]
[Black "Zisckind, Tal"]
[Result "1-0"]
[WhiteElo "1676"]
[BlackElo "1217"]
[PlyCount "35"]
[GameId "2160767911095850"]
[EventDate "2004.07.06"]
[EventType "swiss"]
[EventRounds "7"]
[EventCountry "CAN"]
[SourceTitle "EXT 2006"]
[Source "ChessBase"]
[SourceDate "2005.11.24"]
[SourceVersion "1"]
[SourceVersionDate "2005.11.24"]
[SourceQuality "1"]

1. e4 g6 2. d4 Bg7 3. Nc3 d6 4. f4 Nf6 5. Nf3 O-O 6. Be3 Re8 7. Bc4 e6 8. Bb3 Nfd7 9. O-O Nc6 10. Qd2 b6 11. d5 Bxc3 12. Qxc3 exd5 13. Bxd5 Bb7 14. Bxc6 Bxc6 15. Qxc6 Nc5 16. Bxc5 bxc5 17. Rad1 Re6 18. e5 1-0

[Event "CYCC U12"]
[Site "Kapuskasing CAN"]
[Date "2004.07.06"]
[Round "1"]
[White "Levesque, Mason"]
[Black "Yam, Richard"]
[Result "0-1"]
[WhiteElo "943"]
[BlackElo "1547"]
[PlyCount "94"]
[GameId "2160767911095851"]
[EventDate "2004.07.06"]
[EventType "swiss"]
[EventRounds "7"]
[EventCountry "CAN"]
[SourceTitle "EXT 2006"]
[Source "ChessBase"]
[SourceDate "2005.11.24"]
[SourceVersion "1"]
[SourceVersionDate "2005.11.24"]
[SourceQuality "1"]

1. e4 e5 2. Qf3 Nf6 3. Bc4 Nc6 4. d3 h6 5. Nh3 Nd4 6. Qd1 Bc5 7. c3 Nc6 8. b4 Bb6 9. Qb3 O-O 10. Bd5 a6 11. Bxc6 dxc6 12. f4 exf4 13. Nxf4 Re8 14. Na3 Nd5 15. Nxd5 cxd5 16. Rf1 Be6 17. c4 dxe4 18. dxe4 Bg4 19. c5 Rxe4+ 20. Be3 Qe7 21. Nc2 Ba7 22. h3 Bd7 23. Rd1 Bb5 24. Rf2 Bc4 25. Qc3 a5 26. Rf3 axb4 27. Qb2 Bxc5 28. Rg3 g6 29. Rd2 Bxe3 30. Nxe3 Rxe3+ 31. Rxe3 Qxe3+ 32. Kd1 Qe7 33. Qd4 Be6 34. Qe3 Bg4+ 35. hxg4 Qxe3 36. Re2 Qxe2+ 37. Kxe2 Rxa2+ 38. Kd3 Rxg2 39. Kc4 Rxg4+ 40. Kb3 h5 41. Ka4 h4 42. Kb3 h3 43. Ka4 h2 44. Kb3 Rg3+ 45. Kxb4 h1=Q 46. Kc4 Qe4+ 47. Kb5 Rg5# 0-1

[Event "CYCC U12"]
[Site "Kapuskasing CAN"]
[Date "2004.07.06"]
[Round "1"]
[White "MacKinnon, Keith"]
[Black "Wywrot, Allen"]
[Result "1-0"]
[WhiteElo "1651"]
[BlackElo "1041"]
[PlyCount "39"]
[GameId "2160767911095852"]
[EventDate "2004.07.06"]
[EventType "swiss"]
[EventRounds "7"]
[EventCountry "CAN"]
[SourceTitle "EXT 2006"]
[Source "ChessBase"]
[SourceDate "2005.11.24"]
[SourceVersion "1"]
[SourceVersionDate "2005.11.24"]
[SourceQuality "1"]

1. e4 Nf6 2. Nc3 Nc6 3. d4 g6 4. Bc4 Bg7 5. Nf3 O-O 6. Bb5 Nb4 7. a3 Nxc2+ 8. Qxc2 Ng4 9. h3 Nf6 10. e5 Ne8 11. Bg5 a6 12. Bc4 c6 13. O-O b5 14. Bb3 Rb8 15. Qd2 d6 16. Rfe1 h6 17. Bxh6 Bxh6 18. Qxh6 Ng7 19. Ng5 Ne6 20. Qh7# 1-0

[Event "CYCC U12"]
[Site "Kapuskasing CAN"]
[Date "2004.07.06"]
[Round "1"]
[White "Nadeau, Jeremie"]
[Black "Hambleton, Aman"]
[Result "0-1"]
[WhiteElo "1240"]
[BlackElo "1963"]
[PlyCount "58"]
[GameId "2160767911095853"]
[EventDate "2004.07.06"]
[EventType "swiss"]
[EventRounds "7"]
[EventCountry "CAN"]
[SourceTitle "EXT 2006"]
[Source "ChessBase"]
[SourceDate "2005.11.24"]
[SourceVersion "1"]
[SourceVersionDate "2005.11.24"]
[SourceQuality "1"]

1. e4 e6 2. Nf3 d5 3. exd5 exd5 4. Be2 Nf6 5. O-O Bd6 6. d4 O-O 7. c3 Bf5 8. Be3 Nbd7 9. Nbd2 Re8 10. a3 c6 11. b4 Ne4 12. Nxe4 Bxe4 13. Qd2 Qc7 14. g3 Bf5 15. Rfe1 Nf6 16. Bh6 Ne4 17. Qe3 Nxg3 18. Qg5 f6 19. Qd2 Nxe2+ 20. Rxe2 Rxe2 21. Qxe2 gxh6 22. Nh4 Bxh2+ 23. Kg2 Be4+ 24. Kf1 Qf4 25. Ng2 Qf5 26. Qe3 Re8 27. Qd2 Bd3+ 28. Qe2 Rxe2 29. Ne3 Qxf2# 0-1

[Event "CYCC U12"]
[Site "Kapuskasing CAN"]
[Date "2004.07.06"]
[Round "2"]
[White "Dawson, Jeffrey"]
[Black "Sithamparapillai, Arjun"]
[Result "0-1"]
[WhiteElo "1224"]
[BlackElo "1353"]
[PlyCount "76"]
[GameId "2160767911095855"]
[EventDate "2004.07.06"]
[EventType "swiss"]
[EventRounds "7"]
[EventCountry "CAN"]
[SourceTitle "EXT 2006"]
[Source "ChessBase"]
[SourceDate "2005.11.24"]
[SourceVersion "1"]
[SourceVersionDate "2005.11.24"]
[SourceQuality "1"]

1. e4 e6 2. d4 d5 3. exd5 exd5 4. Nc3 Bb4 5. Nf3 Nc6 6. Bb5 Nge7 7. Bd2 O-O 8. O-O Bg4 9. a3 Ba5 10. Bf4 Bxf3 11. Qxf3 Nxd4 12. Qh3 Ng6 13. Bd3 Ne6 14. Ne2 Qf6 15. Be3 Qxb2 16. Nf4 Nexf4 17. Bxf4 Qf6 18. g3 h6 19. Be3 d4 20. Bc1 Bc3 21. Rb1 Ne5 22. Be4 Nf3+ 23. Bxf3 Qxf3 24. Rb5 Rfe8 25. Bxh6 Re1 26. Rxe1 Bxe1 27. Rf5 Bxf2+ 28. Kf1 Qd1+ 29. Kg2 Qg1+ 30. Kf3 Re8 31. Rg5 Qd1+ 32. Kg2 Qg1+ 33. Kf3 Qh1+ 34. Kg4 Qe4+ 35. Kh5 g6+ 36. Rxg6+ Qxg6+ 37. Kh4 Re4+ 38. Qg4 Qxg4# 0-1

[Event "CYCC U12"]
[Site "Kapuskasing CAN"]
[Date "2004.07.06"]
[Round "2"]
[White "Douglas, Richard"]
[Black "Gibson, Kevin"]
[Result "1/2-1/2"]
[WhiteElo "1668"]
[BlackElo "1473"]
[PlyCount "47"]
[GameId "2160767911095856"]
[EventDate "2004.07.06"]
[EventType "swiss"]
[EventRounds "7"]
[EventCountry "CAN"]
[SourceTitle "EXT 2006"]
[Source "ChessBase"]
[SourceDate "2005.11.24"]
[SourceVersion "1"]
[SourceVersionDate "2005.11.24"]
[SourceQuality "1"]

1. e4 c5 2. c3 e5 3. Nf3 Nc6 4. Bc4 h6 5. d4 cxd4 6. cxd4 exd4 7. Nxd4 Ne5 8. Bb3 Bb4+ 9. Nc3 d6 10. O-O Bxc3 11. bxc3 Nf6 12. f3 O-O 13. Be3 a6 14. Rb1 Qc7 15. Qc2 b5 16. h3 Nc4 17. Bxc4 Qxc4 18. Rb4 Qc7 19. c4 Be6 20. Nxe6 fxe6 21. Rc1 Rfc8 22. Qe2 bxc4 23. Rbxc4 Qb7 24. Bf2 1/2-1/2

[Event "CYCC U12"]
[Site "Kapuskasing CAN"]
[Date "2004.07.06"]
[Round "2"]
[White "Hambleton, Aman"]
[Black "MacKinnon, Keith"]
[Result "1/2-1/2"]
[WhiteElo "1963"]
[BlackElo "1651"]
[PlyCount "136"]
[GameId "2160767911095857"]
[EventDate "2004.07.06"]
[EventType "swiss"]
[EventRounds "7"]
[EventCountry "CAN"]
[SourceTitle "EXT 2006"]
[Source "ChessBase"]
[SourceDate "2005.11.24"]
[SourceVersion "1"]
[SourceVersionDate "2005.11.24"]
[SourceQuality "1"]

1. d4 Nf6 2. c4 e6 3. Nc3 Bb4 4. Qc2 c5 5. e3 Nc6 6. Nf3 d6 7. Bd3 Qb6 8. dxc5 Bxc5 9. O-O Nb4 10. Qe2 Nxd3 11. Qxd3 O-O 12. Na4 Qc6 13. Nxc5 dxc5 14. b3 b6 15. Bb2 Qe4 16. Qxe4 Nxe4 17. Rad1 Ba6 18. Ne5 Rad8 19. f3 Nf6 20. Nc6 Ra8 21. Rf2 Rfe8 22. Rfd2 Bb7 23. Ne5 Kf8 24. Nd7+ Nxd7 25. Rxd7 Bc6 26. Rc7 Rec8 27. Rxc8+ Rxc8 28. Kf2 f6 29. e4 Ke7 30. e5 f5 31. Bc1 h6 32. Rd6 Bd7 33. g4 Rd8 34. g5 h5 35. g6 Ke8 36. Kg3 Bc8 37. Rxd8+ Kxd8 38. Kh4 Bb7 39. Kxh5 Bxf3+ 40. Kg5 Ke8 41. h4 Kf8 42. h5 Kg8 43. h6 Be4 44. a3 a5 45. Bd2 Bd3 46. h7+ Kh8 47. Kh5 Be2+ 48. Kh4 Bd3 49. Bg5 b5 50. cxb5 Bxb5 51. Bd2 a4 52. bxa4 Bxa4 53. Kg5 c4 54. Kf4 Bc2 55. Ke3 f4+ 56. Kd4 Bxg6 57. Bxf4 Be8 58. Kxc4 Kxh7 59. Kc5 Kg6 60. Kd6 Kf7 61. Bg5 Ba4 62. Bf4 Be8 63. Bh2 Ba4 64. Kc5 Kg6 65. Kb4 Be8 66. a4 Bc6 67. a5 Kf5 68. Kc5 Bd5 1/2-1/2

[Event "CYCC U12"]
[Site "Kapuskasing CAN"]
[Date "2004.07.06"]
[Round "2"]
[White "Jiang, Bowen"]
[Black "Kaufman, Harris"]
[Result "0-1"]
[WhiteElo "1385"]
[BlackElo "1676"]
[PlyCount "120"]
[GameId "2160767911095858"]
[EventDate "2004.07.06"]
[EventType "swiss"]
[EventRounds "7"]
[EventCountry "CAN"]
[SourceTitle "EXT 2006"]
[Source "ChessBase"]
[SourceDate "2005.11.24"]
[SourceVersion "1"]
[SourceVersionDate "2005.11.24"]
[SourceQuality "1"]

1. d4 d5 2. c4 e6 3. Nc3 Nf6 4. Bg5 Nbd7 5. e3 c6 6. Nf3 Qa5 7. cxd5 exd5 8. Bd3 Ne4 9. Qc2 Nxg5 10. Nxg5 Nf6 11. Nxh7 Nxh7 12. Bxh7 Bd6 13. h3 Qd8 14. Bf5 Qg5 15. g4 Bxf5 16. Qxf5 Qxf5 17. gxf5 Rh5 18. O-O-O Rxf5 19. f4 O-O-O 20. Rhg1 g6 21. Rd2 Re8 22. Re2 Bb4 23. a3 Bxc3 24. bxc3 Rxf4 25. Rge1 Rf3 26. h4 Rh3 27. Kd2 Rxh4 28. Rf1 f5 29. Rg1 Re6 30. Reg2 Rh6 31. Ke2 Rh3 32. Rg3 Rh2+ 33. Kd3 Rh6 34. Ke2 f4 35. Rf3 Rh2+ 36. Kd3 Rxe3+ 37. Rxe3 fxe3 38. Rxg6 Ra2 39. Kxe3 Rxa3 40. Kd3 a5 41. Rg2 b5 42. Rc2 b4 43. Kd2 Rxc3 44. Rxc3 bxc3+ 45. Kxc3 Kb7 46. Kb3 Kb6 47. Kc3 c5 48. dxc5+ Kxc5 49. Kb3 d4 50. Kc2 a4 51. Kb2 d3 52. Kc3 a3 53. Kb3 d2 54. Kc2 a2 55. Kxd2 a1=Q 56. Ke3 Qd4+ 57. Kf3 Kd5 58. Ke2 Qc3 59. Kf2 Qd3 60. Kg2 Qe3 0-1

[Event "CYCC U12"]
[Site "Kapuskasing CAN"]
[Date "2004.07.06"]
[Round "2"]
[White "Moore, Zachary"]
[Black "Nadeau, Jeremie"]
[Result "0-1"]
[WhiteElo "957"]
[BlackElo "1240"]
[PlyCount "62"]
[GameId "2160767911095859"]
[EventDate "2004.07.06"]
[EventType "swiss"]
[EventRounds "7"]
[EventCountry "CAN"]
[SourceTitle "EXT 2006"]
[Source "ChessBase"]
[SourceDate "2005.11.24"]
[SourceVersion "1"]
[SourceVersionDate "2005.11.24"]
[SourceQuality "1"]

1. e4 e5 2. Bc4 Nf6 3. Qf3 Bc5 4. a3 O-O 5. b4 Bd4 6. Ra2 Nc6 7. c3 Bb6 8. Nh3 d6 9. O-O Be6 10. g3 Bxc4 11. Re1 Bxa2 12. d4 Bxb1 13. dxe5 dxe5 14. b5 Na5 15. Bg5 Qd6 16. Qg4 Rfe8 17. Be3 Bxe3 18. Qxg7+ Kxg7 19. Rxe3 Qd1+ 20. Kg2 Bxe4+ 21. f3 Qd2+ 22. Nf2 Qxe3 23. Nxe4 Nxe4 24. fxe4 Qxe4+ 25. Kh3 Kg6 26. g4 Kg5 27. Kg3 Qxg4+ 28. Kf2 Red8 29. Ke3 Qf4+ 30. Ke2 Rd2+ 31. Ke1 Qf2# 0-1

[Event "CYCC U12"]
[Site "Kapuskasing CAN"]
[Date "2004.07.06"]
[Round "2"]
[White "Wywrot, Allen"]
[Black "Greene, Spencer"]
[Result "1-0"]
[WhiteElo "1041"]
[BlackElo "935"]
[PlyCount "39"]
[GameId "2160767911095860"]
[EventDate "2004.07.06"]
[EventType "swiss"]
[EventRounds "7"]
[EventCountry "CAN"]
[SourceTitle "EXT 2006"]
[Source "ChessBase"]
[SourceDate "2005.11.24"]
[SourceVersion "1"]
[SourceVersionDate "2005.11.24"]
[SourceQuality "1"]

1. e4 Nh6 2. Nc3 c6 3. d3 Qb6 4. Nh3 d6 5. Be3 Qd8 6. d4 c5 7. Bc4 Bg4 8. f3 e5 9. Nb5 Bxf3 10. gxf3 Qh4+ 11. Bf2 Qd8 12. Qd2 exd4 13. O-O-O a6 14. Nxd4 b5 15. Bd5 Ra7 16. Bc6+ Nxc6 17. Nxc6 Qc7 18. Nxa7 Qxa7 19. e5 dxe5 20. Qd8# 1-0

[Event "CYCC U12"]
[Site "Kapuskasing CAN"]
[Date "2004.07.06"]
[Round "2"]
[White "Yam, Richard"]
[Black "Chung, Kevin"]
[Result "1/2-1/2"]
[WhiteElo "1547"]
[BlackElo "2007"]
[PlyCount "95"]
[GameId "2160767911095861"]
[EventDate "2004.07.06"]
[EventType "swiss"]
[EventRounds "7"]
[EventCountry "CAN"]

1. e4 e6 2. d4 d5 3. exd5 exd5 4. Nc3 c6 5. Nf3 Bd6 6. h3 Bf5 7. Bd3 Ne7 8. O-O O-O 9. Bg5 f6 10. Be3 Nd7 11. Bxf5 Nxf5 12. Qd3 Nxe3 13. Qxe3 Re8 14. Qd2 Qc7 15. Rfe1 Nb6 16. b3 c5 17. Nb5 Qc6 18. Nxd6 Qxd6 19. dxc5 Qxc5 20. Rxe8+ Rxe8 21. Re1 Rxe1+ 22. Nxe1 Kf7 23. Nd3 Qd4 24. c3 Qe4 25. Qe3 Qxe3 26. fxe3 Nc8 27. Kf2 Ke6 28. Nc5+ Ke5 29. Nxb7 g5 30. Kf3 h5 31. Nc5 Nd6 32. Nd3+ Kf5 33. g4+ Kg6 34. Nb4 f5 35. Nxd5 fxg4+ 36. hxg4 h4 37. c4 Nf7 38. c5 Ne5+ 39. Kg2 Kf7 40. Kh3 Ke6 41. Nc7+ Kd7 42. Nb5 Nd3 43. Nxa7 Nxc5 44. Nb5 Nd3 45. Kg2 Ne5 46. e4 Nxg4 47. a4 Ne3+ 48. Kh3 1/2-1/2

[Event "CYCC U12"]
[Site "Kapuskasing CAN"]
[Date "2004.07.06"]
[Round "2"]
[White "Zisckind, Tal"]
[Black "Levesque, Mason"]
[Result "1-0"]
[WhiteElo "1217"]
[BlackElo "943"]
[PlyCount "31"]
[GameId "2160767911095862"]
[EventDate "2004.07.06"]
[EventType "swiss"]
[EventRounds "7"]
[EventCountry "CAN"]
[SourceTitle "EXT 2006"]
[Source "ChessBase"]
[SourceDate "2005.11.24"]
[SourceVersion "1"]
[SourceVersionDate "2005.11.24"]
[SourceQuality "1"]

1. e4 e5 2. Nf3 Qf6 3. d3 Bc5 4. Bg5 Qe6 5. Nc3 f6 6. Bd2 Qb6 7. Qe2 Nc6 8. Rb1 Nd4 9. Nxd4 exd4 10. Nd5 Qd6 11. Qg4 g5 12. b4 c6 13. bxc5 Qb8 14. Qh5+ Kd8 15. Qf7 h5 16. Qf8# 1-0

[Event "CYCC U12"]
[Site "Kapuskasing CAN"]
[Date "2004.07.07"]
[Round "3"]
[White "Chung, Kevin"]
[Black "MacKinnon, Keith"]
[Result "1-0"]
[WhiteElo "2007"]
[BlackElo "1651"]
[PlyCount "125"]
[GameId "2160767911095863"]
[EventDate "2004.07.06"]
[EventType "swiss"]
[EventRounds "7"]
[EventCountry "CAN"]
[SourceTitle "EXT 2006"]
[Source "ChessBase"]
[SourceDate "2005.11.24"]
[SourceVersion "1"]
[SourceVersionDate "2005.11.24"]
[SourceQuality "1"]

1. e4 c5 2. Nf3 d6 3. d4 cxd4 4. Nxd4 Nf6 5. Nc3 g6 6. Be2 Bg7 7. O-O O-O 8. Be3 Nc6 9. Qd2 Ng4 10. Bxg4 Bxg4 11. f3 Bd7 12. Nxc6 Bxc6 13. Rfd1 Qc7 14. Bd4 Bxd4+ 15. Qxd4 Qb6 16. Qxb6 axb6 17. Nd5 Bxd5 18. Rxd5 Ra5 19. Rd4 Rc8 20. c3 Rb5 21. Rd2 Kf8 22. Kf2 f6 23. Ke3 Kf7 24. Kd4 Rbc5 25. a3 Rc4+ 26. Ke3 Ke6 27. Rad1 R4c5 28. Rd5 R8c7 29. R1d4 Rc8 30. Rd3 R8c7 31. g4 h6 32. f4 g5 33. f5+ Kd7 34. Kd2 Kc6 35. Rxc5+ bxc5 36. Rh3 b5 37. Rxh6 Rc8 38. Rh7 Kd7 39. Ke3 Rg8 40. h4 gxh4 41. Rxh4 Rg7 42. Kf3 Kc7 43. Rh1 Kb6 44. Kf4 Ka5 45. b3 c4 46. bxc4 bxc4 47. Rb1 Ka4 48. Rb4+ Kxa3 49. Rxc4 Kb3 50. Rc7 Kc2 51. c4 Kd3 52. c5 dxc5 53. Rxc5 Kd4 54. Rd5+ Kc4 55. Rd1 Kc3 56. Rd8 Kc4 57. Rd7 Kc5 58. e5 fxe5+ 59. Kxe5 Rxg4 60. Rc7+ Kb6 61. Rxe7 Kc6 62. f6 Rg5+ 63. Ke6 1-0

[Event "CYCC U12"]
[Site "Kapuskasing CAN"]
[Date "2004.07.07"]
[Round "3"]
[White "Gibson, Kevin"]
[Black "Hambleton, Aman"]
[Result "1-0"]
[WhiteElo "1473"]
[BlackElo "1963"]
[PlyCount "129"]
[GameId "2160767911095864"]
[EventDate "2004.07.06"]
[EventType "swiss"]
[EventRounds "7"]
[EventCountry "CAN"]
[SourceTitle "EXT 2006"]
[Source "ChessBase"]
[SourceDate "2005.11.24"]
[SourceVersion "1"]
[SourceVersionDate "2005.11.24"]
[SourceQuality "1"]

1. d4 Nf6 2. Bg5 Ne4 3. Bf4 e6 4. f3 Nf6 5. Nd2 d5 6. c3 c5 7. Bxb8 Rxb8 8. e3 Bd6 9. f4 cxd4 10. cxd4 O-O 11. Bd3 Qa5 12. Ngf3 Bd7 13. O-O Bb5 14. Qe2 Bxd3 15. Qxd3 Qb6 16. Nb3 Rfd8 17. Ne5 Ne4 18. f5 f6 19. Ng4 Be7 20. fxe6 Qxe6 21. Nf2 f5 22. Nxe4 fxe4 23. Qe2 Rbc8 24. Rac1 b6 25. Rc2 Rxc2 26. Qxc2 Rc8 27. Qe2 Qh6 28. Rf5 Bg5 29. Rxd5 Bxe3+ 30. Kh1 Qc6 31. Rf5 Qe6 32. Re5 Qh6 33. Rxe4 Qg6 34. Qxe3 Rf8 35. Kg1 a5 36. Nd2 Qc6 37. Qb3+ Kh8 38. Qc4 Qh6 39. Qe2 Qc6 40. Nb3 a4 41. Nd2 h6 42. Nf3 Qc1+ 43. Kf2 Qc6 44. Qd3 Qg6 45. Re3 Qh5 46. h3 Qh4+ 47. Kg1 Qg3 48. Qe4 Rc8 49. Rc3 Rf8 50. Qg4 Qd6 51. Rc8 Kg8 52. Rxf8+ Qxf8 53. Qe6+ Kh7 54. d5 Qc5+ 55. Kh2 Qc1 56. Qe4+ Kh8 57. Qd4 Qc7+ 58. d6 Qb8 59. Ne5 Kh7 60. d7 Qd8 61. Qe4+ Kg8 62. Qg6 Qh4 63. Qf7+ Kh7 64. Qf5+ Kg8 65. Nf7 1-0

[Event "CYCC U12"]
[Site "Kapuskasing CAN"]
[Date "2004.07.07"]
[Round "3"]
[White "Jiang, Bowen"]
[Black "Zisckind, Tal"]
[Result "1-0"]
[WhiteElo "1385"]
[BlackElo "1217"]
[PlyCount "87"]
[GameId "2160767911095865"]
[EventDate "2004.07.06"]
[EventType "swiss"]
[EventRounds "7"]
[EventCountry "CAN"]
[SourceTitle "EXT 2006"]
[Source "ChessBase"]
[SourceDate "2005.11.24"]
[SourceVersion "1"]
[SourceVersionDate "2005.11.24"]
[SourceQuality "1"]

1. e4 c5 2. Nf3 Nc6 3. d4 cxd4 4. Nxd4 e6 5. Nc3 Nf6 6. Bg5 Be7 7. Nxc6 bxc6 8. Bd3 Qa5 9. Bd2 Rb8 10. Nd5 Qd8 11. Bf4 Rb7 12. Nxe7 Qxe7 13. O-O Rxb2 14. Be5 Rb6 15. Bc7 Rb7 16. Bg3 O-O 17. Ba6 Rb4 18. Bd6 Qd8 19. Bxc8 Rb6 20. Bxf8 Kxf8 21. e5 Nd5 22. c4 Nf4 23. Qxd7 Qg5 24. g3 g6 25. Kh1 Qh5 26. Qd8+ Kg7 27. Qf6+ Kf8 28. Qxf4 Rb2 29. Rad1 f5 30. Qd4 Rxa2 31. Qd8+ Kg7 32. Qf6+ Kh6 33. Qf8+ Kg5 34. Qf6+ Kg4 35. Rd4+ Kf3 36. Rh4 Rxf2 37. Rxf2+ Kxf2 38. Rxh5 a5 39. Qd8 gxh5 40. Qd4+ Kf3 41. Bxe6 a4 42. Bxf5 a3 43. Bd3 a2 44. Qf4# 1-0

[Event "CYCC U12"]
[Site "Kapuskasing CAN"]
[Date "2004.07.07"]
[Round "3"]
[White "Kaufman, Harris"]
[Black "Sithamparapillai, Arjun"]
[Result "1-0"]
[WhiteElo "1676"]
[BlackElo "1353"]
[PlyCount "39"]
[GameId "2160767911095866"]
[EventDate "2004.07.06"]
[EventType "swiss"]
[EventRounds "7"]
[EventCountry "CAN"]
[SourceTitle "EXT 2006"]
[Source "ChessBase"]
[SourceDate "2005.11.24"]
[SourceVersion "1"]
[SourceVersionDate "2005.11.24"]
[SourceQuality "1"]

1. e4 e6 2. d4 d5 3. Nc3 Bb4 4. e5 Ne7 5. h4 h5 6. Be2 g6 7. Bg5 Qd7 8. Bf6 Rh7 9. g4 hxg4 10. Bxg4 Ng8 11. Bg5 Be7 12. Qf3 Qd8 13. Nh3 a5 14. Bxe7 Qxe7 15. Ng5 Rh8 16. Nxd5 exd5 17. Bxc8 c6 18. O-O-O a4 19. e6 fxe6 20. Rde1 1-0

[Event "CYCC U12"]
[Site "Kapuskasing CAN"]
[Date "2004.07.07"]
[Round "3"]
[White "Nadeau, Jeremie"]
[Black "Wywrot, Allen"]
[Result "1-0"]
[WhiteElo "1240"]
[BlackElo "1041"]
[PlyCount "87"]
[GameId "2160767911095868"]
[EventDate "2004.07.06"]
[EventType "swiss"]
[EventRounds "7"]
[EventCountry "CAN"]
[SourceTitle "EXT 2006"]
[Source "ChessBase"]
[SourceDate "2005.11.24"]
[SourceVersion "1"]
[SourceVersionDate "2005.11.24"]
[SourceQuality "1"]

1. e4 Nc6 2. Nf3 g6 3. Bb5 Bg7 4. O-O Nf6 5. d3 O-O 6. c3 b6 7. Be3 Bb7 8. Nbd2 Ng4 9. Qe2 e5 10. Bxc6 Bxc6 11. d4 f6 12. h3 Nh6 13. dxe5 fxe5 14. Nb3 Qe7 15. a4 d6 16. Qc4+ Nf7 17. Qxc6 Rab8 18. Qd5 Bf6 19. g3 Kg7 20. Qd2 g5 21. Nc1 h6 22. Nd3 Rfe8 23. Nde1 Kh8 24. Ng2 Rg8 25. Nh2 Qe6 26. h4 Qe7 27. Nf3 Rg7 28. Rfe1 Rbg8 29. Kf1 c5 30. Qc1 Qe6 31. hxg5 Nxg5 32. Nxg5 Bxg5 33. Bxg5 Rxg5 34. b4 Qf6 35. Kg1 Rf8 36. Rf1 Rg7 37. bxc5 bxc5 38. Ra2 Qf3 39. Qe1 Rfg8 40. Qe3 Qf6 41. Rc2 Rg5 42. f4 Rxg3 43. fxe5 dxe5 44. Rxf6 1-0

[Event "CYCC U12"]
[Site "Kapuskasing CAN"]
[Date "2004.07.07"]
[Round "3"]
[White "Yam, Richard"]
[Black "Douglas, Richard"]
[Result "1-0"]
[WhiteElo "1547"]
[BlackElo "1668"]
[PlyCount "101"]
[GameId "2160767911095869"]
[EventDate "2004.07.06"]
[EventType "swiss"]
[EventRounds "7"]
[EventCountry "CAN"]
[SourceTitle "EXT 2006"]
[Source "ChessBase"]
[SourceDate "2005.11.24"]
[SourceVersion "1"]
[SourceVersionDate "2005.11.24"]
[SourceQuality "1"]

1. e4 Nf6 2. Nc3 d5 3. exd5 Nxd5 4. Qf3 Nb6 5. Nge2 Nc6 6. Ng3 Be6 7. Bb5 Bd7 8. O-O e6 9. a3 a6 10. Bd3 Be7 11. b3 Bf6 12. Bb2 Ne5 13. Qe2 Nxd3 14. Qxd3 Bc6 15. Qe2 Qe7 16. Rab1 O-O-O 17. d3 h5 18. Nge4 Bxc3 19. Bxc3 f5 20. Bb4 Qf7 21. Ng5 Qf6 22. Qxe6+ Qxe6 23. Nxe6 Rde8 24. Nd4 Bd7 25. Rfe1 g6 26. Nf3 Kd8 27. Ne5 Be6 28. Bc3 Rhg8 29. h3 Nd5 30. Bb2 g5 31. c4 Ne7 32. d4 g4 33. hxg4 fxg4 34. Bc1 Ng6 35. Nxg6 Rxg6 36. Bf4 c6 37. d5 cxd5 38. cxd5 Bd7 39. Rxe8+ Bxe8 40. Re1 Rg7 41. Re5 Rd7 42. d6 Bf7 43. Rf5 Ke8 44. b4 b5 45. Re5+ Kd8 46. Bg5+ Kc8 47. Be7 Kb7 48. Kh2 h4 49. Bxh4 Kc6 50. Be7 Kb7 51. Kg3 1-0

[Event "CYCC U12"]
[Site "Kapuskasing CAN"]
[Date "2004.07.07"]
[Round "4"]
[White "Chung, Kevin"]
[Black "Kaufman, Harris"]
[Result "0-1"]
[WhiteElo "2007"]
[BlackElo "1676"]
[PlyCount "110"]
[GameId "2160767911095871"]
[EventDate "2004.07.06"]
[EventType "swiss"]
[EventRounds "7"]
[EventCountry "CAN"]
[SourceTitle "EXT 2006"]
[Source "ChessBase"]
[SourceDate "2005.11.24"]
[SourceVersion "1"]
[SourceVersionDate "2005.11.24"]
[SourceQuality "1"]

1. e4 c5 2. Nf3 d6 3. d4 cxd4 4. Nxd4 Nf6 5. Nc3 a6 6. Qf3 Nbd7 7. Be2 Qc7 8. Be3 b5 9. a3 Bb7 10. Bd3 Ne5 11. Qe2 Nc4 12. Bxc4 Qxc4 13. f3 g6 14. Nb3 Bg7 15. Qxc4 bxc4 16. Na5 Bc8 17. Nxc4 Be6 18. Nb6 Rb8 19. O-O-O O-O 20. Ncd5 Rb7 21. Bd4 Nxd5 22. Nxd5 Rfb8 23. Bxg7 Kxg7 24. b3 Rc8 25. Kb2 Rc5 26. Rd4 a5 27. g3 f5 28. c4 Rc8 29. exf5 Bxf5 30. Re1 e5 31. Rd2 Rxc4 32. Ne3 Rc6 33. f4 exf4 34. gxf4 Be6 35. Nd5 Kf7 36. Re4 Rc5 37. Red4 h5 38. h4 Rb8 39. R4d3 Bf5 40. Rc3 Rbb5 41. Rxc5 Rxc5 42. Ne3 Ke6 43. Nc4 d5 44. Ne5 Be4 45. b4 axb4 46. axb4 Rc7 47. Kb3 Kf5 48. Rf2 d4 49. b5 d3 50. b6 Rb7 51. Nc4 Bd5 52. Kc3 Bxc4 53. Kxc4 Rxb6 54. Kxd3 Rb3+ 55. Ke2 Rb2+ 0-1

[Event "CYCC U12"]
[Site "Kapuskasing CAN"]
[Date "2004.07.07"]
[Round "4"]
[White "Dawson, Jeffrey"]
[Black "Greene, Spencer"]
[Result "1-0"]
[WhiteElo "1224"]
[BlackElo "935"]
[PlyCount "23"]
[GameId "2160767911095872"]
[EventDate "2004.07.06"]
[EventType "swiss"]
[EventRounds "7"]
[EventCountry "CAN"]
[SourceTitle "EXT 2006"]
[Source "ChessBase"]
[SourceDate "2005.11.24"]
[SourceVersion "1"]
[SourceVersionDate "2005.11.24"]
[SourceQuality "1"]

1. e4 Nh6 2. Nc3 c6 3. d4 e5 4. dxe5 Qb6 5. Bc4 d5 6. exd5 Ng4 7. Qe2 Bb4 8. Bd2 cxd5 9. Nxd5 Qc5 10. Bxb4 Qxf2+ 11. Qxf2 Nxf2 12. Kxf2 1-0

[Event "CYCC U12"]
[Site "Kapuskasing CAN"]
[Date "2004.07.07"]
[Round "4"]
[White "Gibson, Kevin"]
[Black "Yam, Richard"]
[Result "1-0"]
[WhiteElo "1473"]
[BlackElo "1547"]
[PlyCount "97"]
[GameId "2160767911095873"]
[EventDate "2004.07.06"]
[EventType "swiss"]
[EventRounds "7"]
[EventCountry "CAN"]
[SourceTitle "EXT 2006"]
[Source "ChessBase"]
[SourceDate "2005.11.24"]
[SourceVersion "1"]
[SourceVersionDate "2005.11.24"]
[SourceQuality "1"]

1. d4 d5 2. c4 Nf6 3. Nc3 e6 4. Bf4 c5 5. dxc5 Bxc5 6. e3 Bb4 7. Bxb8 Rxb8 8. Qa4+ Bd7 9. Qxb4 dxc4 10. Bxc4 a5 11. Qb3 O-O 12. Nf3 Qe8 13. Bb5 a4 14. Qxa4 Bxb5 15. Qxb5 Qxb5 16. Nxb5 Rfc8 17. Nc3 b5 18. Rc1 h6 19. O-O Ra8 20. a3 Rcb8 21. Ra1 Ra7 22. Nd4 b4 23. Nc6 bxc3 24. bxc3 Raa8 25. Nxb8 Rxb8 26. Rfc1 Ne4 27. c4 Kf8 28. c5 Rc8 29. Rc2 Ke7 30. f3 Nf6 31. c6 Kd6 32. e4 Ne8 33. Rd1+ Ke5 34. Rc5+ Kf6 35. c7 Rxc7 36. Rxc7 Nxc7 37. a4 Ke7 38. a5 Na6 39. e5 f6 40. exf6+ gxf6 41. Rd4 f5 42. Kf2 Nc5 43. Ke2 Nb3 44. Ra4 Nc5 45. Rh4 Kd7 46. Rxh6 Kc6 47. Rh8 Nb3 48. a6 Kb6 49. Rb8+ 1-0